Popular Movies by Poster IV - Statistics

General Stats
  • This quiz has been taken 2,097 times
  • The average score is 13 of 16
Answer Stats
Picture Answer % Correct
Shrek
99%
Iron Man
96%
How the Grinch Stole Christmas
95%
Scooby-Doo
95%
Back to the Future
93%
The Chronicles of Narnia: The Lion, the Witch, and the Wardrobe
89%
Kill Bill
87%
The Polar Express
85%
American Psycho
84%
Rocky
80%
Rambo: First Blood
78%
Django Unchained
73%
Seven
67%
Star Wars Episode V: The Empire Strikes Back
63%
Monty Python and the Holy Grail
58%
One Flew Over the Cuckoo's Nest
47%
No matching quizzes found
Score Distribution
Percent of People with Each Score
Percentile by Number Answered
Your Score History
You have not taken this quiz